LEADER 01780nam0 22003853i 450 001 VAN00255978 005 20250918094308.378 017 70$2N$a9789811911507 100 $a20230320d2022 |0itac50 ba 101 $aeng 102 $aSG 105 $a|||| ||||| 181 $ai$b e 182 $ab 183 $acr 200 1 $aSurface Ruptures Associated with the 2016 Kumamoto Earthquake Sequence in Southwest Japan$feditors Yasuhiro Kumahara, Heitaro Kaneda, Hiroyuki Tsutsumi 210 $aSingapore$cSpringer$d2022 215 $aVIII, 241 p.$cill.$d24 cm 410 1$1001VAN00238155$12001 $aAdvances in Geological Science$1210 $aSingapore$cSpringer$d2018- 620 $aSG$dSingapore$3VANL000061 676 $a552.5$cSedimentologia. Rocce sedimentarie$v22 676 $a551$cGeologia, idrogeologia, meteorologia$v22 676 $a551.41$cGeomorfologia$v22 702 1$aKaneda$bHeitaro$3VANV209250 702 1$aKumahara$bYasuhiro$3VANV209249 702 1$aTsutsumi$bHiroyuki$3VANV209251 712 $aSpringer $3VANV108073$4650 801 $aIT$bSOL$c20250919$gRICA 856 4 $uhttps://link.springer.com/book/10.1007/978-981-19-1150-7$zE-book - Accesso al full-text attraverso riconoscimento IP di Ateneo, proxy e/o Shibboleth 899 $aBIBLIOTECA DEL DIPARTIMENTO DI SCIENZE E TECNOLOGIE AMBIENTALI BIOLOGICHE E FARMACEUTICHE$1IT-CE0101$2VAN17 912 $fN 912 $aVAN00255978 950 $aBIBLIOTECA DEL DIPARTIMENTO DI SCIENZE E TECNOLOGIE AMBIENTALI BIOLOGICHE E FARMACEUTICHE$d17CONS e-book 2307 $e17BIB2307/382 382 20230320 $sBuono 996 $aSurface Ruptures Associated with the 2016 Kumamoto Earthquake Sequence in Southwest Japan$93060613 997 $aUNICAMPANIA